| 000 | 00804cam a22002054a 4500 | ||
|---|---|---|---|
| 005 | 20250605164216.0 | ||
| 008 | 250528s ||||||||||||||||||||||||d | ||
| 035 | _a20489 | ||
| 020 | _a139681566 | ||
| 040 |
_aGR-AtMCL _bgre _dGR-AtMCL _eAACR2 |
||
| 245 | 1 | _aThe World Since 1500 / A Global History | |
| 250 | _a3rd | ||
| 300 | _a542 | ||
| 520 | _aThe history of man as the expansion of man's range from a small locate to interregional, global, and planetary dimensions. Preface, Acknowledgements, World of Isolated Regions to 1,500, World of the Emerging West - 1,500-1763, World of Western Dominance - 1763-1914, World of Western Decline and Triumph - 1914, Notes, Index. | ||
| 700 | 1 |
_aStavrianos L. S _96471 |
|
| 942 | _cBK | ||
| 260 | _bPrentice Hall | ||
| 999 |
_c5591 _d5591 |
||